Регионална библиотека "Любен Каравелов" - Русе

Събрани съчинения (Запис номер 418731)

MARC детайли
000 -Лидер
Контролно поле с фиксирана дължина 01226nam a2200289 a 4500
003 - Код на организацията, давaща контролен номер
Контролно поле BLK
005 - Дата и час на последна редакция
Контролно поле 20230904173705.0
008 - Елементи от данни с фиксирана дължина
fixed length control field 200812b bu |||||r|||| 00| | bu d
020 ## - Международен стандартен номер на книга ISBN
Международен стандартен номер на книга ISBN 9786191643912
040 ## - Източник на каталожния запис
Идентификатор на билиотеката - собственик на записа BLK
041 ## - Код за език
Код за езика на текст/звукозапис или на отделно заглавие Български
Код за езика КДБФ Български
080 ## - УДК
Текстов определител УДК Българска литература
УДК код - определител по УДК 821.163.2
УДК определител (081.1)
УДК - код + определител 821.163.2(081.1)
100 ## - Редна дума - Автор
R(LIN) 423764
Автор Дилов, Любен
Авторска отговорност първи автор
Автор - информация (биография) Иванов, Любен Дилов
139 ## - Редно поле
Редна дума Дилов, Любен
Авторски знак Дил - Д 55
245 ## - Сведения за заглавието
Заглавие Събрани съчинения
Подзаглавни данни Т. 1 -
Редно поле (дума) Любен Дилов
Том Т. 7
Заглавие на том Парадоксът на огледалото
260 ## - Област на издателските данни
9 (RLIN) 215899
Място на издаване, разпространение и проч. София
Име на издателя, разпространителя и проч. Enthusiast
Година на издаване 2021
300 ## - Физическа характеристика
Страници 400 с.
Размери/Мащаб 21 см
380 ## - Жанр
Жанр Худож. лит.
500 ## - Общи забележки
Забележка Пълната форма на името на Любен Дилов е Любен Дилов Иванов;<br/>В кн. погрешно отпеч. 3. изд.<br/>Биогр. данни за авт. отбелязани на гърба на кор.
700 1# - Други автори (авторска отговорност)
9 (RLIN) 90204
Лично име Любенов, Любен Иванов
Автороска отговорност (Описва отношението между автора и произведението) *
760 ## - Описание на основната серия
Място на издаване, издател и година София
Страници - том 400 с.
Част - том Т. 7
852 ## - Местоположение
Форматна сигнатура Цб 307680
999 ## - СИСТЕМНИ КОНТРОЛНИ НОМЕРА
Koha biblionumber 418731
Koha biblioitemnumber 418731
942 ## - АРТИКУЛИ
Вид на библиотечния материал Книги
Скрит в OPAC Не
Периодичен библиозапис Да
Koha issues (borrowed), all copies 7
944 ## - СЪЗДАВАНЕ И РЕДАКЦИЯ на ЗАПИСА
Създаване/Редакция Създаване
Дата на регистрацията/редакция 2021-06-09
Служител, извършил регистрацията/редакцията 30576
Статус, дата на статуса Цветомила Тодорова
999 ## - СИСТЕМНИ КОНТРОЛНИ НОМЕРА
Koha biblioitemnumber 418731
999 ## - СИСТЕМНИ КОНТРОЛНИ НОМЕРА
Koha biblioitemnumber 418731
Наличности
Код за отписване Код за изгубен артикул Източник на класификационната схема Код за повреда Коз за рестрикции Код за отдаване Артикулен № Име на библиотеката - собственик Име на библиотеката, в която се намира в момента Статус (Текущо местоположение) Дата на вписване в системата Местоположение - отдел Цена в лева Систематично азбучна сигнатура Баркод Цена в евро Служебен тип на артикула
  Не е изгубен Universal Decimal Classification Не е повреден само за читалня ползва се в читалня 835989 Регионална библиотека "Любен Каравелов" Русе Регионална библиотека "Любен Каравелов" Русе Хранилище 2021-06-10 Хранилище 22.00 Цб 307680 120000856062 11.25 Книги
  Не е изгубен Universal Decimal Classification Не е повреден без рестрикции заемане за дома 860846 Регионална библиотека "Любен Каравелов" Русе Регионална библиотека "Любен Каравелов" Русе Заемна - подръчен фонд 2021-11-09 Заемна - подръчен фонд 16.08 821.163.2(081)/Д 55 Л 120000862188 8.22 Книги
  Не е изгубен Universal Decimal Classification Не е повреден без рестрикции заемане за дома 860847 Регионална библиотека "Любен Каравелов" Русе Регионална библиотека "Любен Каравелов" Русе Дубликат 2021-11-09 Заемна - подръчен фонд 16.08 821.163.2(081)/Д 55 Л 120000862187 8.22 Книги
Vip Innovations Ltd, Rousse, Bulgaria 2025